Statistiques concernant Les plus longs ponts de France

Cliquez ici pour prendre le quiz!

Statistiques générales

  • Ce quiz a été pris 38 fois
  • Le résultat moyen est 4 sur 20

Statistiques - réponses

LongueurPont% Correct
2 460mViaduc de Millau
95%
3 356mPont de Saint-Nazaire
62%
2 141mPont de Normandie
59%
2 927mPont de l'Île de Ré
46%
1 420mPont de Tancarville
46%
2 862mPont de l'Île d'Oléron
41%
1 563mPont de Cheviré
30%
1 767mPont d'Aquitaine
8%
1 410mViaduc du Havre
8%
1 278mPont de Brotonne
0%
1 545mPont de Cubzac
0%
1 182mViaduc de Calix
0%
1 301mViaduc d'Echinghen
0%
1 210mViaduc de la Cotière
0%
1 320mViaduc de la Risle
0%
1 196mViaduc de Meaux
0%
1 459mViaduc des Barrails
0%
1 470mViaduc des Egratz
0%
1 266mViaduc de Sylans
0%
2 143mViaduc Oise-Aisne | Viaduc de Compiègne
0%

Distribution des résultats

Percentile par nombre de réponses

% des personnes avec chaque résultat

Votre développement - résultats

Vous n’avez pas pris ce quiz